|
|
|
|
| LEADER |
00000cam a2200000 a 4500 |
| 001 |
vtls001217576 |
| 003 |
SK-MaSNL |
| 005 |
20260426011054.0 |
| 008 |
240226s1996 xo a dr 000 0 slo |
| 015 |
|
|
|a SNBA1996/1103148
|
| 020 |
|
|
|a 8008003065
|
| 035 |
|
|
|a SNK000160756
|
| 035 |
|
|
|a urn:nbn:sk:snk-amkf32
|
| 035 |
|
|
|a urn:nbn:sk:snk-am003t4u
|
| 035 |
|
|
|a 7EDAA072-5325-4634-840B-17F4647D8D47
|
| 040 |
|
|
|a SNK
|b slo
|c SNK
|e AACR2
|
| 041 |
0 |
|
|a slo
|
| 044 |
|
|
|a xo
|c SK
|
| 080 |
|
|
|a 14(075.3)
|2 1981
|
| 245 |
0 |
0 |
|a Dejiny filozofie
|c Ladislav Kiczko ... [et al.]
|
| 250 |
|
|
|a 2. vyd.
|
| 260 |
|
|
|a Bratislava
|b Slovenské pedagogické nakladateľstvo
|c 1996
|
| 300 |
|
|
|a 136 s.
|b ilustr.
|c 24 cm
|
| 650 |
0 |
7 |
|a filozofia
|2 SNKPH
|9 793
|
| 650 |
0 |
7 |
|a dejiny filozofie
|2 SNKPH
|9 66641
|
| 655 |
|
7 |
|a učebnice stredných škôl
|2 SNKPH
|9 69323
|
| 700 |
1 |
|
|a Kiczko, Ladislav,
|d 1951-
|4 aut
|9 114805
|
| 700 |
1 |
|
|a Marcelli, Miroslav,
|d 1947-
|4 aut
|9 228613
|
| 700 |
1 |
|
|a Waldschütz, Erwin
|4 aut
|9 10656
|
| 700 |
1 |
|
|a Zigo, Milan,
|d 1934-2017
|4 aut
|9 223629
|
| 919 |
|
|
|a 80-08-00306-5
|
| 954 |
|
|
|a odborná, vedecká literatúra pôvodná (slovenská)
|2 lita
|
| 958 |
|
|
|a OND
|
| 958 |
|
|
|a TL
|
| 958 |
|
|
|a UC
|
| 999 |
|
|
|c 1053821
|d 1055751
|
| 952 |
|
|
|t P60, <09>, [BOOK], {629}
|a SNK
|b SNK
|y NEVYP
|7 0
|o snkC 1039
|i snk1932/960528
|0 0
|1 0
|4 0
|d 1996-05-27
|l 0
|r 2005-01-01 00:00:00
|w 2026-02-24
|
| 952 |
|
|
|t P60, <03>, [BOOK], {603}
|a SNK
|b SNK
|y PREZ
|7 0
|p 17A0008310
|o snkSC 91108
|i snkKSP 6932/96
|0 0
|1 0
|4 0
|d 1996-08-16
|f 1
|l 0
|r 2025-09-10 00:00:00
|w 2026-02-24
|
| 952 |
|
|
|t P60, <04>, [BOOK], {604}
|a SNK
|b SNK
|y VYP
|7 0
|p 17A0011838
|o snkSC 91108 D1
|i snkKSP 8064/96
|0 0
|1 0
|4 0
|d 1996-09-30
|l 0
|r 2005-01-01 00:00:00
|w 2026-02-24
|